Statystyki dla Najdłużej panujący Bokserscy Mistrzowie świata wagi ciężkiej

Kliknij tutaj aby rozwiązać quiz!

Ogólne statystyki

  • Ten quiz został rozwiązany 257 razy
  • Średni wynik to 5 z 19

Statystyki odpowiedzi

PodpowiedźOdpowiedź% Poprawnych
3 lata 10 miesięcy 16 dniMike Tyson
98%
9 lat 5 miesięcy, 5 dniMuhammad Ali
77%
12 latWładimir Kliczko
56%
7 lat 5 miesięcy, 28 dniWitalij Kliczko
54%
5 lat, 1 miesiąc, 5 dniDeontay Wilder
43%
6 lat, 1 miesiąc, 1 dzieńEvander Holyfield
37%
4 lata 11 miesięcy 17 dniAnthony Joshua
36%
11 lat 8 miesięcy 8 dniJoe Louis
16%
4 lata, 10 miesiecy, 18 dniJoe Frazier
15%
7 lat 3 miesięce 12 dniLarry Holmes
11%
4 lata 10 miesięcyFloyd Patterson
10%
3 lata, 9 miesięcy 21 dniJohn Ruiz
10%
7 lat 2 miesiące, 19 dniJack Dempsey
8%
6 lat, 3 miesiące 11 dniJack Johnson
8%
3 lata 10 miesiecy 22 dniChris Byrd
4%
7 lat 10 dniJohn L. Sullivan
3%
5 lat 11 miesiąc, 4 dniJames J. Jeffries
1%
4 lata 2 miesiące 29 dniJess Willard
1%
4 lata 6 miesięcy 10 dniJames J. Corbett
0%

Rozkład punktacji

Percentyl według liczby udzielonych odpowiedzi

Procent ludzi z każdym wynikiem

Twoja historia wyników

Nie rozwiązałeś tego quizu